000 00541nam a2200193Ia 4500
005 20250423100100.0
008 250422s9999 xx 000 0 und d
020 _a9780135070659
050 _aHD 30.22 .K39/
100 _aKeat, Paul G.
245 0 _aManagerial economics: economic tools for today's decision makers
250 _a6th ed (Pearson international edition)
260 _aUpper Saddle River, NJ
260 _bPearson/Prentice Hall
260 _c2009
300 _a598 p
650 _aManagerial economics.
942 _cBK
999 _c32230
_d32230